| 000 | 00827nam a22002417a 4500 | ||
|---|---|---|---|
| 999 |
_c5736 _d5736 |
||
| 003 | AR-CdUCM | ||
| 008 | 190313b ||||| |||| 00| 0 spa d | ||
| 040 |
_aMUNICIPALIDAD PROVINCIAL DEL CUSCO _cBIBLIOTECA MUNICIPAL DEL CUSCO |
||
| 082 |
_a985.009 / _bP26 |
||
| 245 |
_aFelipe Pardo y Aliaga; Manuel A. Segura / _cAlberto Varillas Montenegro |
||
| 260 |
_aLima : _bUniverso, _c1964. |
||
| 300 |
_a84 páginas ; _c19 cm. |
||
| 440 |
_aBiblioteca hombres del Perú _n : XIX _917073 |
||
| 440 |
_aSegunda serie _916781 |
||
| 500 | _aDonación de la familia Nieto. | ||
| 650 |
_aBiografías _9148 |
||
| 650 |
_aFelipe Pardo y Aliaga _917074 |
||
| 650 |
_aManuel A. Segura _917075 |
||
| 650 |
_aHombres del Perú - Biografías _92160 |
||
| 700 |
_aVarillas Montenegro, Alberto _9957 |
||
| 942 |
_2ddc _cLIBROS |
||
| 945 | _alccs | ||